| 000 | 00649nam a22002052 4500 | ||
|---|---|---|---|
| 001 | 0000013581 | ||
| 005 | 20151217145902.0 | ||
| 008 | 090928s xx 000 0 eng d | ||
| 020 | _a0130847887 : | ||
| 040 |
_aKABU _cKABU |
||
| 100 | 1 |
_aSklar, Bernard. _@0000170179 |
|
| 245 | 1 | 0 |
_aDigital communications : _bfundamentals and applications / _cBernard Sklar. |
| 250 | _a2nd ed. | ||
| 260 |
_aUpper Saddle River, NJ. : _bPrentice Hall, _c2001. |
||
| 300 |
_axxiv, 1079 p. + _e1 CD- ROM. |
||
| 650 | 0 |
_aDigital communications. _@0000157685 |
|
| 852 | 1 | _9p5365 KES | |
| 908 | _a090928 | ||
| 950 | _@1 | ||
| 999 |
_c3720 _d3720 |
||